000 01631cam a22004577i 4500
999 _c478361
_d478361
001 18310530
003 NUST
005 20180523053118.0
008 140919t20152015sz a 001 0 eng d
010 _a 2014951876
_z 2014952083
020 _a9783319127712 (pbk. : v. 1)
020 _a3319127713 (pbk. : v. 1)
020 _a9783319127729 (ebook : v. 1)
020 _a9783319127569 (pbk. : v. 2)
020 _a331912756X (pbk. : v. 2)
020 _z9783319127576 (ebook : v. 2)
035 _a(OCoLC)ocn900438058
038 _aSNS Library
040 _aYDXCP
_beng
_cYDXCP
_erda
_dOCLCQ
_dCDX
_dOCLCO
_dOCLCF
_dOCLCQ
_dCDX
_dDLC
042 _alccopycat
050 0 0 _aQA300
_b.C295 2015
082 0 4 _a515
_223
100 1 _aCanuto, C.,
_eauthor.
_910468
245 1 0 _aMathematical analysis
_cClaudio Canuto, Anita Tabacco.
250 _aSecond edition.
264 1 _aCham [Switzerland] :
_bSpringer,
_c[2015]
264 4 _c©2015
300 _a2 volumes :
_billustrations (some color) ;
_c24 cm.
336 _atext
_btxt
_2rdacontent
337 _aunmediated
_bn
_2rdamedia
338 _avolume
_bnc
_2rdacarrier
490 0 _aUnitext. La matematica per il 3+2,
_x2038-5722 ;
_vvolumes 84, 85
504 _aIncludes indexes.
650 0 _aMathematical analysis
_vTextbooks.
_910469
650 7 _aMathematical analysis.
_2fast
_0(OCoLC)fst01012068
_9198
700 0 _aTabacco Vignati, Anita Maria,
_eauthor.
_910470
906 _a7
_bcbc
_ccopycat
_d2
_eepcn
_f20
_gy-gencatlg
942 _2ddc
_cBK